000 00461nam a2200181Ia 4500
008 100917s9999 xx 000 0 und d
082 _b31833
100 _aशेटे नामदेव
245 _aचक्रवाक
260 _bअनंत प्रकाशन
_c1977
300 _a96
365 _b7
520 _aकथा
630 _aचक्रवाक
650 _aकथा
730 _aचक्रवाक
942 _cBOOK
999 _c637227
_d637224